El Derecho a la salud en las Américas: estudio constitucional comparado /
En este ensayo sobre la relación entre constitución y política de salud en El Salvador, se concluye que la salud es para el Derecho Constitucional salvadoreño una función estatal que obliga al Estado y a los particulares a su promoción, conservación, recuperación y rehabilitación como factor vital d...
Spremljeno u:
| Glavni autor: | |
|---|---|
| Daljnji autori: | |
| Format: | Nepoznato |
| Izdano: |
Washington, D. C.:
OMS. OPS
|
| Teme: | |
| Oznake: |
Dodaj oznaku
Bez oznaka, Budi prvi tko označuje ovaj zapis!
|
MARC
| LEADER | 00000 a2200000 04500 | ||
|---|---|---|---|
| 001 | 4107 | ||
| 003 | |||
| 008 | 991231s d | ||
| 040 | |||
| 090 | |a 116003 | ||
| 100 | |a Fuenzalida - Puelma, Hernán L. | ||
| 245 | |a El Derecho a la salud en las Américas: estudio constitucional comparado / |c Hernán L. Fuenzalida - Puelma | ||
| 260 | |a Washington, D. C.: |b OMS. OPS | ||
| 300 | |a 655 p | ||
| 520 | |a En este ensayo sobre la relación entre constitución y política de salud en El Salvador, se concluye que la salud es para el Derecho Constitucional salvadoreño una función estatal que obliga al Estado y a los particulares a su promoción, conservación, recuperación y rehabilitación como factor vital del desarrollo del país. El derecho a la salud se refiere al hombre integralmente considerado en su doble dimensión: individual y social, y lo protege desde su concepción y durante toda la vida. Corresponde al Estado la indeclinable misión de formular los planes y políticas de salud, coordinándolas con todos los demás aspectos que inciden en la misma, tales como la educación, la economía, la conservación de los recursos naturales y el medio ambiente, el trabajo, la familia, la libertad y el urbanismo. Apunta que el concepto de salud presente en la Constitución exige una modernización y adaptación de la legislación secundaria, para lo cual es impostergable la promulgación de un nuevo Código de Salud, e igualmente es necesario revisar el resto de la legislación que tiene relación directa o indirecta con salud, a fin de modernizarla. Finalmente, se debe reconocer que en la cuestión de la salud la responsabilidad es de todos, y por ello es necesario llevar a cabo toda una acción nacional en pro de la salud. El trabajo se divide en cinco secciones, de las cuales la última se dedica a las conclusiones y en las otras cuatro se tratan los siguientes temas: i-. Marco constitucional: síntesis histórica de los antecedentes y revisiones constitucionales importancia de la Constitución vigente en el sistema legal y mecanismos de interpretación y aplicación de las normas constitucionales. ii-. Enfoque histórico del derecho de la salud en las constituciones y en la legislación: Revisión sumaria de las disposiciones constitucionales referidas a la salud y, concepto de la salud en las constituciones que hayan tenido vigencia en el país. iii-. La salud en el marco constitucional y en la legislación vigente: Análisis de las disposiciones constitucionales referentes a la salud, y análisis de las responsabilidades del Estado. iv-. Reconocimiento por la Constitución de otros derechos relacionados con el derecho a la salud. EBZ/mb | ||
| 650 | |a CONSTITUCIONES | ||
| 650 | |a DERECHO CONSTITUCIONAL | ||
| 650 | |a DERECHOS DEL HOMBRE | ||
| 650 | |a SALUD PUBLICA | ||
| 650 | |a ESTADO | ||
| 650 | |a POLITICA DE SALUD | ||
| 650 | |a LEGISLACION SANITARIA | ||
| 650 | |a CODIGOS | ||
| 700 | |a | ||
| 700 | |a Scholle Connor, Susan | ||
| 700 | |a | ||
| 999 | |c 14236 |d 14236 | ||
